Introduction to Cryptography. Principles and Applications

書誌詳細
第一著者: Delfs H. Hans
その他の著者: Knebl H. Helmut
言語:英語
出版事項: Berlin, Springer-Verlag, 2002
シリーズ:Information Security and Cryptography
主題:
フォーマット: MixedMaterials 図書
KOHA link:https://koha.lib.tpu.ru/cgi-bin/koha/opac-detail.pl?biblionumber=140557

MARC

LEADER 00000nam0a2200000 4500
001 140557
005 20231031142102.0
010 |a 3540422781 
035 |a (RuTPU)RU\TPU\book\152273 
090 |a 140557 
100 |a 20080702d2002 k y0engy50 ba 
101 0 |a eng 
102 |a DE 
105 |a y z 001zy 
200 1 |a Introduction to Cryptography. Principles and Applications  |f H. Delfs, H. Knebl 
210 |a Berlin  |c Springer-Verlag  |d 2002 
215 |a 310 p. 
225 1 |a Information Security and Cryptography 
320 |a References: p. 297-304. 
320 |a Index: p. 305-310. 
610 1 |a информация 
610 1 |a защита 
610 1 |a компьютерная безопасность 
610 1 |a методы 
610 1 |a криптография 
610 1 |a английский язык 
675 |a 681.3.067  |v 3 
700 1 |a Delfs  |b H.  |g Hans 
701 1 |a Knebl  |b H.  |g Helmut 
801 1 |a RU  |b 63413507  |c 20080702  |g PSBO 
801 2 |a RU  |b 63413507  |c 20080716  |g PSBO 
942 |c BK